| 000 | 00406nam a2200169Ia 4500 | ||
|---|---|---|---|
| 005 | 20250423101721.0 | ||
| 008 | 250422s9999 xx 000 0 und d | ||
| 020 | _a0789715104 | ||
| 050 | _aQA 76.76.O63 .T572/ | ||
| 100 | _aTidrow, Rob | ||
| 245 | 0 | _aWindows 98 installation and configuration handbook | |
| 260 | _aIndianapolis | ||
| 260 | _bQue | ||
| 260 | _c1998 | ||
| 300 | _a652 p | ||
| 942 | _cBK | ||
| 999 |
_c37068 _d37068 |
||